| 000 | 00343 a2200145 4500 | ||
|---|---|---|---|
| 001 | 85008 | ||
| 082 | _a621.4333 SAR | ||
| 090 |
_c40090 _d40089 |
||
| 100 |
_aSaravanamuttoo, HIH _aRogers GFC |
||
| 245 | _aGas Turbine Theory, 6/e | ||
| 250 | _a6 | ||
| 260 |
_aSingapur _bMcGraw Hill _c2009 |
||
| 300 | _axvi, 590P. | ||
| 600 | _aCohen H. | ||
| 942 |
_aNUST-CAE _k621.4333 SAR |
||
| 999 |
_c320081 _d320081 |
||